Follow That Line: The Sandlot Quiz Stats

Quiz Updated Jul 22, 2013

Challenge
Share
Tweet
Embed
Score 0/20 Timer 07:00
17 Plays Today
% Correct
I don't know. Some lady gave it to him. She even signed her name on it.
94.5%
Heroes get remembered, but legends never die.
94.4%
Just stand out there and stick your glove out in the air. I'll take care of it.
93.1%
For-ev-er. For-ev-er. For-ev-er.
93.1%
Of course I did. Been planning it for years.
91.6%
Some more of what?
90.3%
You're dead where you stand.
88.6%
Yeah, you keep telling me that! Who is she?
84.2%
Yeah yeah, Oscar Meyer even.
80.9%
You play ball like a girl!
79%
% Correct
That wimpy deer?
78.5%
I can't take this no more!
76.4%
Throw that in there, man.
75.3%
They already are, Squints.
73.6%
Naked? She's naked?
73.1%
Face it. I'm just an egghead.
71.9%
You're killing me, Smalls!
70%
If you'da been thinkin' you wouldn't 'a thought that.
69.3%
This is baseball, not tennis!
66.8%
Just have fun.
52.1%

You're not logged in!

Compare scores with friends on all Sporcle quizzes.
Sign Up with Email
OR
Log In

You Might Also Like...

Show Comments

Extras

Top Quizzes Today


Score Distribution

Your Account Isn't Verified!

In order to create a playlist on Sporcle, you need to verify the email address you used during registration. Go to your Sporcle Settings to finish the process.